[Event "WchT Seniors 50"]
[Site "Prague"]
[Date "2025.02.24"]
[Round "7.4"]
[White "Bellia, Fabrizio"]
[Black "Novikov, Igor A"]
[Result "1/2-1/2"]
[WhiteElo "2393"]
[BlackElo "2490"]
[PlyCount "65"]
[EventDate "2025.02.17"]
[EventType "team-swiss"]
[EventRounds "9"]
[EventCountry "CZE"]
[SourceTitle "CB09_2025"]
[SourceDate "2025.02.27"]
[SourceVersion "1"]
[SourceVersionDate "2025.02.27"]
[SourceQuality "1"]
[WhiteTeam "Italy 50"]
[BlackTeam "USA 50"]
[WhiteTeamCountry "ITA"]
[BlackTeamCountry "USA"]

1. e4 c5 2. Nf3 d6 3. d4 cxd4 4. Qxd4 Nf6 5. Bg5 Nc6 6. Bb5 Qa5+ 7. Nc3 Qxb5 8. Nxb5 Nxd4 9. Nfxd4 Nxe4 10. Nc7+ Kd8 11. Nxa8 Nxg5 12. Nb5 a6 13. Nc3 b5 14. 0-0 Bb7 15. Nb6 Ne4 16. Nxe4 Bxe4 17. Rfe1 Bb7 18. c4 Kc7 19. Nd5+ Kd7 20. a4 e6 21. Nb6+ Kc6 22. a5 b4 23. b3 g6 24. Rad1 Bg7 25. Re3 h5 26. h4 Kc7 27. g3 Bc6 28. Red3 Rd8 29. Re1 Bc3 30. Rc1 Bb2 31. Re1 Bc3 32. Rc1 Bb2 33. Re1 1/2-1/2

[Event "USA-ch Seniors"]
[Site "Saint Louis"]
[Date "2024.07.23"]
[Round "7"]
[White "Novikov, Igor A"]
[Black "Root, Douglas"]
[Result "1-0"]
[WhiteElo "2509"]
[BlackElo "2463"]
[PlyCount "95"]
[EventDate "2024.07.16"]
[EventType "tourn"]
[EventRounds "9"]
[EventCountry "USA"]
[EventCategory "10"]
[SourceTitle "EXT 2025"]
[Source "ChessBase"]
[SourceDate "2024.10.14"]
[SourceVersion "1"]
[SourceVersionDate "2024.10.14"]
[SourceQuality "1"]

1. d4 Nf6 2. c4 g6 3. Nc3 Bg7 4. e4 d6 5. Nge2 0-0 6. Ng3 h5 7. Be2 a5 8. h3 a4 9. Rb1 e5 10. d5 Nbd7 11. Bg5 Nc5 12. Bxh5 Qd7 13. Bf3 Nh7 14. Be3 b6 15. h4 f5 16. Bxc5 bxc5 17. h5 Qf7 18. hxg6 Qxg6 19. exf5 Bxf5 20. Be4 Bxe4 21. Ncxe4 Rf4 22. Qe2 Rg4 23. Kf1 Rf8 24. Rh3 Nf6 25. Nc3 Nxd5 26. cxd5 Rxg3 27. Rxg3 Qxg3 28. Kg1 Qg6 29. Ne4 Rf4 30. Re1 Rh4 31. g3 Rh8 32. Kg2 Qh6 33. Qg4 Qh2+ 34. Kf3 Rh6 35. Qc8+ Bf8 36. Qxc7 Qh5+ 37. Ke3 Rg6 38. Qc8 a3 39. bxa3 Kf7 40. Qd7+ Kg8 41. Qe8 Kg7 42. f3 Qh6+ 43. Kd3 Qh5 44. g4 Qh3 45. Qd7+ Kg8 46. Qf5 Rh6 47. Ng5 e4+ 48. Kxe4 1-0

[Event "USA-ch Seniors"]
[Site "Saint Louis"]
[Date "2024.07.19"]
[Round "4"]
[White "Kraai, Jesse"]
[Black "Novikov, Igor A"]
[Result "1/2-1/2"]
[WhiteElo "2356"]
[BlackElo "2509"]
[PlyCount "84"]
[EventDate "2024.07.16"]
[EventType "tourn"]
[EventRounds "9"]
[EventCountry "USA"]
[EventCategory "10"]
[SourceTitle "EXT 2025"]
[Source "ChessBase"]
[SourceDate "2024.10.14"]
[SourceVersion "1"]
[SourceVersionDate "2024.10.14"]
[SourceQuality "1"]

1. e4 c5 2. Nc3 d6 3. f4 g6 4. Nf3 Bg7 5. Bb5+ Bd7 6. a4 Nc6 7. d3 Nd4 8. 0-0 e6 9. f5 gxf5 10. Nxd4 Bxd4+ 11. Kh1 fxe4 12. Nxe4 Bxb5 13. axb5 f5 14. Bg5 Ne7 15. c3 Bg7 16. Qh5+ Kd7 17. Bf6 Qf8 18. Bxe7 Qxe7 19. g4 Qe8 20. Qg5 Rg8 21. gxf5 Be5 22. Nf6+ Bxf6 23. Qxf6 Kc7 24. c4 exf5 25. Rfe1 Qg6 26. Qe7+ Kb6 27. Rg1 Qh6 28. Rxg8 Rxg8 29. Qd7 a5 30. bxa6 bxa6 31. Qa4 Ra8 32. Qb3+ Kc6 33. d4 Qf4 34. Re1 cxd4 35. c5 Kxc5 36. Qa3+ Kc6 37. Qa4+ Kb6 38. Qb4+ Kc6 39. Qc4+ Kb6 40. Qb4+ Kc6 41. Qc4+ Kb6 42. Qb4+ Kc6 1/2-1/2

[Event "WchT Seniors 50"]
[Site "Struga"]
[Date "2023.09.27"]
[Round "8.3"]
[White "Novikov, Igor A"]
[Black "Barandiaran, Gabriel"]
[Result "1-0"]
[WhiteElo "2513"]
[BlackElo "1897"]
[PlyCount "49"]
[EventDate "2023.09.19"]
[EventType "team-swiss"]
[EventRounds "9"]
[EventCountry "MKD"]
[SourceTitle "CBM 216 Extra"]
[Source "ChessBase"]
[SourceDate "2023.11.30"]
[SourceVersion "1"]
[SourceVersionDate "2023.11.30"]
[SourceQuality "1"]
[WhiteTeam "USA 50"]
[BlackTeam "Uruguay 50"]
[WhiteTeamCountry "USA"]
[BlackTeamCountry "URU"]

1. d4 b5 2. e4 Bb7 3. Bxb5 Bxe4 4. Nf3 Nf6 5. 0-0 e6 6. c4 Be7 7. Nc3 Bb7 8. Qe2 0-0 9. Rd1 c6 10. Ba4 Qa5 11. Bc2 Na6 12. a3 Qh5 13. b4 Nc7 14. Bf4 Rac8 15. Qe3 Ba6 16. Ne5 g5 17. Qg3 Kh8 18. Qxg5 Qxg5 19. Bxg5 Rcd8 20. Bh6 Bb7 21. c5 d6 22. Bxf8 Rxf8 23. cxd6 Bxd6 24. Ne4 Be7 25. Nxf6 1-0

[Event "WchT Seniors 50"]
[Site "Struga"]
[Date "2023.09.20"]
[Round "2.4"]
[White "Miljanic, Boro"]
[Black "Novikov, Igor A"]
[Result "0-1"]
[WhiteElo "2331"]
[BlackElo "2513"]
[PlyCount "96"]
[EventDate "2023.09.19"]
[EventType "team-swiss"]
[EventRounds "9"]
[EventCountry "MKD"]
[SourceTitle "CBM 216 Extra"]
[Source "ChessBase"]
[SourceDate "2023.11.30"]
[SourceVersion "1"]
[SourceVersionDate "2023.11.30"]
[SourceQuality "1"]
[WhiteTeam "Montenegro 50"]
[BlackTeam "USA 50"]
[WhiteTeamCountry "MNE"]
[BlackTeamCountry "USA"]

1. e4 c5 2. c3 d5 3. exd5 Qxd5 4. d4 Nf6 5. Nf3 e6 6. Na3 Nc6 7. Nb5 Qd8 8. dxc5 Bxc5 9. Qxd8+ Kxd8 10. Nd2 a6 11. Nb3 Be7 12. N5d4 Nxd4 13. Nxd4 e5 14. Nf3 Bd6 15. Bg5 Ke7 16. 0-0-0 h6 17. Bxf6+ gxf6 18. Nd2 Bc5 19. Ne4 Ba7 20. Bc4 Be6 21. Bxe6 fxe6 22. f3 h5 23. Rd3 Rad8 24. Rxd8 Rxd8 25. Re1 h4 26. h3 f5 27. Nd2 Kf6 28. a4 Bb8 29. Nc4 Rc8 30. Nd2 Kg5 31. Kc2 Kf4 32. Re2 Rd8 33. Nc4 Rd5 34. Nd2 Ba7 35. b3 Bg1 36. b4 b5 37. axb5 axb5 38. Nf1 Rd7 39. Nd2 Ra7 40. Kb2 Ra8 41. Kb1 Rc8 42. Kb2 Rd8 43. Kc2 Rd5 44. Nf1 e4 45. fxe4 fxe4 46. Rd2 Rg5 47. Kd1 e5 48. Rd8 e3 0-1

[Event "USA-ch Seniors"]
[Site "Saint Louis"]
[Date "2023.07.24"]
[Round "9"]
[White "Novikov, Igor A"]
[Black "Benjamin, Joel"]
[Result "1/2-1/2"]
[WhiteElo "2527"]
[BlackElo "2500"]
[PlyCount "135"]
[EventDate "2023.07.15"]
[EventType "tourn"]
[EventRounds "9"]
[EventCountry "USA"]
[EventCategory "10"]
[SourceTitle "CBM 215 Extra"]
[Source "ChessBase"]
[SourceDate "2023.09.30"]
[SourceVersion "1"]
[SourceVersionDate "2023.09.30"]
[SourceQuality "1"]

1. d4 Nf6 2. c4 e6 3. Nf3 d5 4. Nc3 a6 5. cxd5 exd5 6. Bg5 Be6 7. Bxf6 Qxf6 8. Qb3 Ra7 9. g3 Qd8 10. Bg2 Be7 11. 0-0 Nd7 12. Ne1 c6 13. Nd3 0-0 14. e3 Bd6 15. Rac1 Re8 16. Na4 Nf6 17. Rfe1 Bf5 18. Nac5 Re7 19. a3 h5 20. h4 Qc7 21. Nf4 Ra8 22. Ncd3 Rae8 23. Qd1 Bxd3 24. Qxd3 Bxf4 25. gxf4 Re6 26. Bh3 Ng4 27. Bxg4 hxg4 28. Kg2 Re4 29. Rh1 R8e6 30. b4 Qe7 31. Qd1 g3 32. f5 Rh6 33. fxg3 Rxe3 34. Qg4 Re4 35. Qf3 Rf6 36. Rcf1 g6 37. g4 gxf5 38. gxf5 Rxd4 39. Re1 Re4 40. Rxe4 Qxe4 41. Qxe4 dxe4 42. Rf1 Rd6 43. Rf4 Kg7 44. Rxe4 Kf6 45. h5 Rd2+ 46. Kg3 Rd3+ 47. Kg2 Rd5 48. h6 Rxf5 49. Rh4 Rg5+ 50. Kf3 Rg8 51. Rf4+ Kg6 52. Rg4+ Kh7 53. Rf4 Kxh6 54. Rxf7 Rg7 55. Rf8 Re7 56. Rg8 Kh7 57. Rg3 Re5 58. Kf4 Rb5 59. Ke4 a5 60. bxa5 Rxa5 61. Rb3 b5 62. Rc3 Kg7 63. Rxc6 Rxa3 64. Rb6 Rb3 65. Kd4 Kf7 66. Kc5 Ke7 67. Rxb5 Rxb5+ 68. Kxb5 1/2-1/2

[Event "USA-ch Seniors"]
[Site "Saint Louis"]
[Date "2023.07.22"]
[Round "7"]
[White "Akopian, Vladimir Eduardovic"]
[Black "Novikov, Igor A"]
[Result "1/2-1/2"]
[WhiteElo "2612"]
[BlackElo "2527"]
[PlyCount "86"]
[EventDate "2023.07.15"]
[EventType "tourn"]
[EventRounds "9"]
[EventCountry "USA"]
[EventCategory "10"]
[SourceTitle "CBM 215 Extra"]
[Source "ChessBase"]
[SourceDate "2023.09.30"]
[SourceVersion "1"]
[SourceVersionDate "2023.09.30"]
[SourceQuality "1"]

1. e4 c5 2. Nf3 d6 3. d4 cxd4 4. Nxd4 Nf6 5. Nc3 a6 6. f3 e6 7. Be3 b5 8. Qd2 Nbd7 9. g4 h6 10. 0-0-0 b4 11. Nce2 Qc7 12. h4 d5 13. Bh3 Nb6 14. b3 e5 15. Nf5 Bxf5 16. exf5 d4 17. Bf2 Nfd5 18. g5 Bc5 19. Qd3 f6 20. f4 0-0-0 21. fxe5 fxe5 22. Qxa6+ Kb8 23. Qb5 hxg5 24. hxg5 d3 25. Qxc5 dxe2 26. Rde1 Nc3 27. Qxb6+ Qxb6 28. Bxb6 Rd1+ 29. Rxd1 exd1Q+ 30. Rxd1 Nxd1 31. Kxd1 Rxh3 32. Bc5 Rf3 33. Bd6+ Kb7 34. Bxe5 Rxf5 35. Bxg7 Rxg5 36. Bf8 Rg4 37. Kc1 Kc6 38. Kb2 Kb5 39. a3 bxa3+ 40. Kxa3 Rf4 41. Bg7 Rg4 42. c4+ Rxc4 43. bxc4+ Kxc4 1/2-1/2

[Event "USA-ch Seniors"]
[Site "Saint Louis"]
[Date "2023.07.21"]
[Round "6"]
[White "Novikov, Igor A"]
[Black "Shabalov, Alexander"]
[Result "1/2-1/2"]
[WhiteElo "2527"]
[BlackElo "2453"]
[PlyCount "55"]
[EventDate "2023.07.15"]
[EventType "tourn"]
[EventRounds "9"]
[EventCountry "USA"]
[EventCategory "10"]
[SourceTitle "CBM 215 Extra"]
[Source "ChessBase"]
[SourceDate "2023.09.30"]
[SourceVersion "1"]
[SourceVersionDate "2023.09.30"]
[SourceQuality "1"]

1. d4 Nf6 2. c4 e6 3. Nf3 c5 4. d5 b5 5. Bg5 exd5 6. cxd5 h6 7. Bxf6 Qxf6 8. Qc2 c4 9. e4 Bb4+ 10. Nc3 0-0 11. Be2 Na6 12. a4 Nc5 13. e5 Qf4 14. axb5 d6 15. 0-0 dxe5 16. Na2 Ba5 17. Qxc4 Bb6 18. Qxf4 exf4 19. Nc3 Re8 20. Nd2 Bf5 21. Nc4 Rad8 22. Rad1 g5 23. h3 Kg7 24. Rfe1 Bc2 25. Rc1 Bf5 26. Rcd1 Bc2 27. Rc1 Bf5 28. Rcd1 1/2-1/2

[Event "USA-ch Seniors"]
[Site "Saint Louis"]
[Date "2022.07.13"]
[Round "6"]
[White "Khmelnitsky, Igor N"]
[Black "Novikov, Igor A"]
[Result "1/2-1/2"]
[WhiteElo "2472"]
[BlackElo "2547"]
[PlyCount "86"]
[EventDate "2022.07.07"]
[EventType "tourn"]
[EventRounds "9"]
[EventCountry "USA"]
[EventCategory "11"]
[SourceTitle "CBM 209 Extra"]
[Source "ChessBase"]
[SourceDate "2022.09.30"]
[SourceVersion "1"]
[SourceVersionDate "2022.09.30"]
[SourceQuality "1"]

1. e4 c5 2. Nf3 d6 3. d4 cxd4 4. Nxd4 Nf6 5. Nc3 a6 6. Be3 e6 7. f3 b5 8. Qd2 Nbd7 9. g4 Nb6 10. a4 Nc4 11. Bxc4 bxc4 12. g5 Nd7 13. f4 Bb7 14. f5 Nc5 15. fxe6 fxe6 16. Qg2 Qd7 17. 0-0 Be7 18. Rad1 g6 19. b4 cxb3 20. cxb3 e5 21. b4 Ne6 22. Nxe6 Qxe6 23. Nd5 Bxd5 24. exd5 Qd7 25. Rc1 Qxa4 26. Rc7 Rf8 27. Rxf8+ Kxf8 28. Qf3+ Ke8 29. Qg4 Kf8 30. Qf3+ Ke8 31. Qh3 Kf8 32. Qh6+ Kg8 33. Rxe7 Qd1+ 34. Kg2 Qg4+ 35. Kh1 Qf3+ 36. Kg1 Qxe3+ 37. Kg2 Qe4+ 38. Kg3 Qd3+ 39. Kg4 Qc4+ 40. Kg3 Qb3+ 41. Kg4 Qxb4+ 42. Kg3 Qf4+ 43. Kh3 Qf3+ 1/2-1/2

[Event "USA-ch Seniors"]
[Site "Saint Louis"]
[Date "2022.07.08"]
[Round "2"]
[White "De Firmian, Nick E"]
[Black "Novikov, Igor A"]
[Result "1/2-1/2"]
[WhiteElo "2496"]
[BlackElo "2547"]
[PlyCount "61"]
[EventDate "2022.07.07"]
[EventType "tourn"]
[EventRounds "9"]
[EventCountry "USA"]
[EventCategory "11"]
[SourceTitle "CBM 209 Extra"]
[Source "ChessBase"]
[SourceDate "2022.09.30"]
[SourceVersion "1"]
[SourceVersionDate "2022.09.30"]
[SourceQuality "1"]

1. e4 c5 2. Nf3 d6 3. Bb5+ Bd7 4. Bxd7+ Nxd7 5. c4 Ne5 6. d4 Nxf3+ 7. gxf3 cxd4 8. Qxd4 Nf6 9. h4 g6 10. Nc3 Bg7 11. Bg5 Qa5 12. Rc1 Rc8 13. Bd2 Qc5 14. Qxc5 Rxc5 15. b3 a6 16. Ke2 Rc6 17. Nd5 e6 18. Nxf6+ Bxf6 19. h5 Ke7 20. hxg6 hxg6 21. Rxh8 Bxh8 22. a4 Bd4 23. Bg5+ Kd7 24. Rd1 e5 25. Be3 Bxe3 26. fxe3 Ke6 27. Kd3 Rc8 28. Rh1 a5 29. Ke2 b6 30. Kf2 Kf6 31. Rd1 1/2-1/2

[Event "WchT Seniors 50"]
[Site "Acqui Terme"]
[Date "2022.06.24"]
[Round "5.2"]
[White "Plotkin, Victor"]
[Black "Novikov, Igor A"]
[Result "1/2-1/2"]
[WhiteElo "2252"]
[BlackElo "2558"]
[PlyCount "80"]
[EventDate "2022.06.20"]
[EventType "team-swiss"]
[EventRounds "9"]
[EventCountry "ITA"]
[SourceTitle "CBM 209 Extra"]
[Source "ChessBase"]
[SourceDate "2022.09.30"]
[SourceVersion "1"]
[SourceVersionDate "2022.09.30"]
[SourceQuality "1"]
[WhiteTeam "Canada 50"]
[BlackTeam "United States 50"]
[WhiteTeamCountry "CAN"]
[BlackTeamCountry "USA"]

1. e4 c5 2. c3 d5 3. exd5 Qxd5 4. d4 Nf6 5. Nf3 e6 6. Be2 Nc6 7. 0-0 Be7 8. c4 Qd7 9. dxc5 Bxc5 10. Nc3 0-0 11. a3 Rd8 12. Qc2 b6 13. Rd1 Qe7 14. Rxd8+ Qxd8 15. Bg5 Bb7 16. Rd1 Qe8 17. Bxf6 gxf6 18. Ne4 Be7 19. Nd6 Bxd6 20. Rxd6 Rd8 21. Qd3 Rxd6 22. Qxd6 Qb8 23. Qxb8+ Nxb8 24. Nd4 a6 25. f3 f5 26. Kf2 Kf8 27. b4 Ke7 28. Ke3 f6 29. g3 Bc8 30. Bd3 Bd7 31. f4 h6 32. Kd2 Nc6 33. Nxc6+ Bxc6 34. c5 bxc5 35. Bxa6 cxb4 36. axb4 Kd6 37. Kc3 Bd5 38. Bd3 Kc6 39. Kd4 Kd6 40. Kc3 Kc6 1/2-1/2

[Event "WchT Seniors 50"]
[Site "Acqui Terme"]
[Date "2022.06.23"]
[Round "4.1"]
[White "Hebden, Mark"]
[Black "Novikov, Igor A"]
[Result "0-1"]
[WhiteElo "2465"]
[BlackElo "2558"]
[PlyCount "90"]
[EventDate "2022.06.20"]
[EventType "team-swiss"]
[EventRounds "9"]
[EventCountry "ITA"]
[SourceTitle "CBM 209 Extra"]
[Source "ChessBase"]
[SourceDate "2022.09.30"]
[SourceVersion "1"]
[SourceVersionDate "2022.09.30"]
[SourceQuality "1"]
[WhiteTeam "England 50"]
[BlackTeam "United States 50"]
[WhiteTeamCountry "ENG"]
[BlackTeamCountry "USA"]

1. d4 d5 2. Nf3 Nf6 3. c4 e6 4. e3 c5 5. cxd5 exd5 6. Bb5+ Nc6 7. 0-0 Bd6 8. Qc2 Qb6 9. dxc5 Bxc5 10. Bxc6+ bxc6 11. Nc3 Be7 12. e4 dxe4 13. Nxe4 0-0 14. Bg5 c5 15. Rfe1 Bb7 16. Nfd2 Rac8 17. Nc4 Qa6 18. Ng3 Rfe8 19. b3 Bf8 20. Rad1 Nd5 21. a3 Nb6 22. Be3 Nxc4 23. bxc4 Re6 24. Bc1 Rce8 25. Rxe6 Qxe6 26. f3 Ba6 27. Bd2 Qxc4 28. Qxc4 Bxc4 29. Ne4 Bd3 30. Nf2 Bg6 31. Kf1 f6 32. Rc1 Re6 33. Rc3 a6 34. Be3 Rc6 35. Ne4 c4 36. Ke2 Bf7 37. g4 Bd5 38. Bc1 Re6 39. Re3 Bxe4 40. Rxe4 Rxe4+ 41. fxe4 Bd6 42. h4 Kf7 43. h5 Ke6 44. Bb2 Be5 45. Bc1 Kd6 0-1

[Event "Bundesliga 2122"]
[Site "Germany"]
[Date "2022.04.10"]
[Round "4.2"]
[White "Stankovic, Milos"]
[Black "Novikov, Igor A"]
[Result "1/2-1/2"]
[WhiteElo "2435"]
[BlackElo "2551"]
[PlyCount "51"]
[EventDate "2022.03.05"]
[EventType "team-tourn"]
[EventRounds "15"]
[EventCountry "GER"]
[SourceTitle "EXT 2023"]
[Source "ChessBase"]
[SourceDate "2022.10.05"]
[SourceVersion "1"]
[SourceVersionDate "2022.10.05"]
[SourceQuality "1"]
[WhiteTeam "Augsburg"]
[BlackTeam "Muelheim Nord"]
[WhiteTeamCountry "GER"]
[BlackTeamCountry "GER"]

1. e4 c5 2. Nc3 d6 3. Bb5+ Bd7 4. Bxd7+ Qxd7 5. d4 cxd4 6. Qxd4 Nc6 7. Qd3 g6 8. Nf3 Bg7 9. 0-0 Nf6 10. Nd5 0-0 11. Bg5 Nh5 12. c3 e6 13. Ne3 f6 14. Bh4 Rfd8 15. Rad1 Qe7 16. Nd4 Nf4 17. Nxc6 bxc6 18. Qc4 Rac8 19. Qd3 Ra8 20. Qc4 Rac8 21. Bg3 d5 22. exd5 Nxd5 23. Nc2 Qf7 24. Rfe1 Bf8 25. Qa6 e5 26. a3 1/2-1/2

[Event "USA-ch Seniors"]
[Site "Saint Louis"]
[Date "2021.07.25"]
[Round "9"]
[White "Novikov, Igor A"]
[Black "Kaidanov, Gregory S"]
[Result "1/2-1/2"]
[WhiteElo "2554"]
[BlackElo "2547"]
[PlyCount "93"]
[EventDate "2021.07.16"]
[EventType "tourn"]
[EventRounds "9"]
[EventCountry "USA"]
[EventCategory "10"]
[SourceTitle "CBM 203 Extra"]
[Source "ChessBase"]
[SourceDate "2021.09.30"]
[SourceVersion "1"]
[SourceVersionDate "2021.09.30"]
[SourceQuality "1"]

1. d4 d5 2. c4 e6 3. Nf3 Nf6 4. Nc3 c6 5. Bg5 dxc4 6. e4 b5 7. e5 h6 8. Bh4 g5 9. Nxg5 hxg5 10. Bxg5 Nbd7 11. g3 Bb7 12. Bg2 Qb6 13. exf6 0-0-0 14. 0-0 c5 15. d5 b4 16. Na4 Qb5 17. a3 Nb8 18. axb4 cxb4 19. Qg4 Bxd5 20. Rfc1 Nc6 21. Bxd5 Rxd5 22. Rxc4 Rxg5 23. Qd4 Kb8 24. Rxc6 Rxg3+ 25. fxg3 Qxc6 26. Rd1 Qc7 27. b3 Kc8 28. Qe4 Kb8 29. Qd4 Kc8 30. Qd3 Bc5+ 31. Nxc5 Qxc5+ 32. Kf1 Qc3 33. Qxc3+ bxc3 34. h4 Rh6 35. Rc1 Rxf6+ 36. Kg2 e5 37. Rxc3+ Kd7 38. Rc5 Re6 39. Kf3 e4+ 40. Ke3 Rb6 41. Kxe4 Rxb3 42. g4 Ke7 43. Rc7+ Ke6 44. Rxa7 Rb4+ 45. Kf3 f5 46. Ra6+ Kf7 47. gxf5 1/2-1/2

[Event "USA-ch Seniors"]
[Site "Saint Louis"]
[Date "2021.07.20"]
[Round "5"]
[White "Novikov, Igor A"]
[Black "Sokolin, Leonid M"]
[Result "1/2-1/2"]
[WhiteElo "2554"]
[BlackElo "2497"]
[PlyCount "60"]
[EventDate "2021.07.16"]
[EventType "tourn"]
[EventRounds "9"]
[EventCountry "USA"]
[EventCategory "10"]
[SourceTitle "CBM 203 Extra"]
[Source "ChessBase"]
[SourceDate "2021.09.30"]
[SourceVersion "1"]
[SourceVersionDate "2021.09.30"]
[SourceQuality "1"]

1. d4 Nf6 2. c4 e6 3. Nf3 d5 4. Nc3 c5 5. cxd5 cxd4 6. Qxd4 exd5 7. e4 dxe4 8. Qxd8+ Kxd8 9. Ng5 Be6 10. Nxe6+ fxe6 11. Bg5 Bb4 12. 0-0-0+ Ke7 13. Nxe4 Nc6 14. a3 Ba5 15. Bb5 Rhd8 16. Bxc6 Rac8 17. Rxd8 Rxc6+ 18. Kb1 Bxd8 19. Rc1 Rxc1+ 20. Kxc1 Bc7 21. Kc2 Be5 22. b3 b6 23. Kd3 Kd7 24. Nxf6+ gxf6 25. Be3 Bd6 26. a4 Kc6 27. h3 Kd5 28. g4 Bc7 29. f3 a6 30. Bd4 Bd8 1/2-1/2

[Event "WchT Seniors 50"]
[Site "Prague"]
[Date "2020.03.11"]
[Round "6.4"]
[White "Novikov, Igor A"]
[Black "Meister, Jakob"]
[Result "1-0"]
[WhiteElo "2551"]
[BlackElo "2427"]
[PlyCount "97"]
[EventDate "2020.03.06"]
[EventType "team-swiss"]
[EventRounds "7"]
[EventCountry "CZE"]
[SourceTitle "CBM 195 Extra"]
[Source "ChessBase"]
[SourceDate "2020.05.31"]
[SourceVersion "1"]
[SourceVersionDate "2020.05.31"]
[SourceQuality "1"]
[WhiteTeam "United States 50"]
[BlackTeam "Germany 50"]
[WhiteTeamCountry "USA"]
[BlackTeamCountry "GER"]

1. d4 Nf6 2. c4 e6 3. Nf3 Bb4+ 4. Bd2 Bxd2+ 5. Qxd2 0-0 6. g3 b6 7. Bg2 Bb7 8. Nc3 d6 9. d5 exd5 10. cxd5 b5 11. Nxb5 Bxd5 12. Rc1 c6 13. Nc3 Ne4 14. Nxe4 Bxe4 15. 0-0 Qe7 16. Rfd1 Rd8 17. Qe3 Qe8 18. Nd4 Bxg2 19. Qxe8+ Rxe8 20. Kxg2 a5 21. Nxc6 Nxc6 22. Rxc6 Rxe2 23. Rcxd6 g6 24. R1d2 Ree8 25. Rb6 Ra7 26. a4 h5 27. b3 Rc8 28. Kh3 Kg7 29. Kh4 Rc3 30. Kh3 Re7 31. Rb5 Ra7 32. Kg2 Kf6 33. Rd6+ Kg7 34. Rdb6 Rc2 35. Rb7 Ra6 36. R5b6 Rxb6 37. Rxb6 Rb2 38. h4 f6 39. Rb5 Kh6 40. Kf3 g5 41. g4 hxg4+ 42. Kxg4 gxh4 43. f3 Kg6 44. Kxh4 Rd2 45. Rxa5 Rd3 46. Rb5 Rxf3 47. a5 Rf4+ 48. Kg3 Rf1 49. Rb4 1-0

[Event "WchT Seniors 50"]
[Site "Prague"]
[Date "2020.03.10"]
[Round "5.1"]
[White "Novikov, Igor A"]
[Black "Velicka, Petr"]
[Result "1/2-1/2"]
[WhiteElo "2551"]
[BlackElo "2425"]
[PlyCount "110"]
[EventDate "2020.03.06"]
[EventType "team-swiss"]
[EventRounds "7"]
[EventCountry "CZE"]
[SourceTitle "CBM 195 Extra"]
[Source "ChessBase"]
[SourceDate "2020.05.31"]
[SourceVersion "1"]
[SourceVersionDate "2020.05.31"]
[SourceQuality "1"]
[WhiteTeam "United States 50"]
[BlackTeam "Czech Republic 50"]
[WhiteTeamCountry "USA"]
[BlackTeamCountry "CZE"]

1. d4 d5 2. c4 c6 3. Nf3 Nf6 4. Nc3 e6 5. Bg5 Nbd7 6. cxd5 exd5 7. e3 Bd6 8. Qc2 0-0 9. Bd3 h6 10. Bh4 Re8 11. 0-0-0 Qa5 12. Kb1 Bb4 13. Nd2 Bxc3 14. Qxc3 Qxc3 15. bxc3 Ne4 16. Kc2 Nxd2 17. Kxd2 Nb6 18. Rb1 Nc4+ 19. Bxc4 dxc4 20. f3 f5 21. h3 b6 22. g4 Rf8 23. g5 Be6 24. gxh6 gxh6 25. Be7 Rf7 26. Rhg1+ Kh7 27. Bd6 Bd5 28. Ke2 Rg7 29. Rxg7+ Kxg7 30. Rg1+ Kh7 31. Kf2 Bf7 32. e4 fxe4 33. fxe4 Rg8 34. Rxg8 Kxg8 35. Ke3 Kg7 36. Be5+ Kf8 37. Bb8 a6 38. Kf4 Be6 39. h4 h5 40. a4 Ke8 41. Ke5 Kd7 42. Ba7 b5 43. a5 Bg4 44. Bc5 Bf3 45. Bb4 Bg2 46. d5 cxd5 47. exd5 Bh3 48. Kd4 Kc7 49. Kc5 Bg4 50. Ba3 Bh3 51. Bc1 Bg4 52. Bf4+ Kb7 53. Be5 Bh3 54. Kd6 Bg4 55. Ke7 Kc8 1/2-1/2

[Event "USA-ch Seniors 50"]
[Site "Saint Louis"]
[Date "2019.07.18"]
[Round "7"]
[White "Novikov, Igor A"]
[Black "Benjamin, Joel"]
[Result "1/2-1/2"]
[WhiteElo "2556"]
[BlackElo "2524"]
[PlyCount "60"]
[EventDate "2019.07.11"]
[EventType "tourn"]
[EventRounds "9"]
[EventCountry "USA"]
[EventCategory "11"]
[SourceTitle "CBM 191 Extra"]
[Source "ChessBase"]
[SourceDate "2019.09.30"]
[SourceVersion "1"]
[SourceVersionDate "2019.09.30"]
[SourceQuality "1"]

1. d4 d6 2. e4 Nf6 3. f3 e5 4. dxe5 dxe5 5. Qxd8+ Kxd8 6. Bc4 Ke8 7. Be3 Nbd7 8. Nd2 a5 9. a4 Bc5 10. Kf2 Ke7 11. Ne2 Rd8 12. Nc1 Ne8 13. Nd3 Bxe3+ 14. Kxe3 Nd6 15. Bb3 b6 16. Bd5 Bb7 17. Bxb7 Nxb7 18. Nc4 f6 19. Rhd1 Ndc5 20. Nxc5 Nxc5 21. b3 Rxd1 22. Rxd1 Rd8 23. Rxd8 Kxd8 24. g3 Ke7 25. Nd2 Ke6 26. Nc4 Nb7 27. Kd3 Nc5+ 28. Ke3 Nb7 29. Kd3 Nc5+ 30. Ke3 Nb7 1/2-1/2

[Event "USA-ch Seniors 50"]
[Site "Saint Louis"]
[Date "2019.07.17"]
[Round "6"]
[White "Ehlvest, Jaan"]
[Black "Novikov, Igor A"]
[Result "0-1"]
[WhiteElo "2515"]
[BlackElo "2556"]
[PlyCount "90"]
[EventDate "2019.07.11"]
[EventType "tourn"]
[EventRounds "9"]
[EventCountry "USA"]
[EventCategory "11"]
[SourceTitle "CBM 191 Extra"]
[Source "ChessBase"]
[SourceDate "2019.09.30"]
[SourceVersion "1"]
[SourceVersionDate "2019.09.30"]
[SourceQuality "1"]

1. e4 c5 2. Nf3 d6 3. d4 cxd4 4. Nxd4 Nf6 5. Nc3 a6 6. h3 e6 7. g4 h6 8. f4 b5 9. Bg2 Bb7 10. 0-0 Nbd7 11. g5 hxg5 12. fxg5 Nh5 13. g6 Nhf6 14. gxf7+ Kxf7 15. Qg4 Qe7 16. Bg5 Re8 17. Qg3 Ne5 18. Nce2 Bc8 19. c3 Qc7 20. Nf4 Be7 21. h4 Bd8 22. Rad1 Kg8 23. Nd3 Nfg4 24. Bh3 Bxg5 25. hxg5 Nxd3 26. Rxd3 Ne5 27. Rd2 Qe7 28. Rh2 Ng6 29. Nc6 Qc7 30. Nd4 Qc5 31. Kg2 Qe5 32. Qxe5 dxe5 33. Ne2 Bb7 34. Kg3 Bxe4 35. Rd1 Bd5 36. b3 Rf8 37. Rd3 Kf7 38. c4 bxc4 39. bxc4 Bxc4 40. Rd7+ Ke8 41. Rxg7 Ne7 42. Nc3 Rf4 43. g6 Rxh3+ 44. Kxh3 Bf1+ 45. Rg2 Rf2 0-1

[Event "USA-ch Seniors 50"]
[Site "Saint Louis"]
[Date "2019.07.13"]
[Round "3"]
[White "Shabalov, Alexander"]
[Black "Novikov, Igor A"]
[Result "1-0"]
[WhiteElo "2500"]
[BlackElo "2556"]
[PlyCount "81"]
[EventDate "2019.07.11"]
[EventType "tourn"]
[EventRounds "9"]
[EventCountry "USA"]
[EventCategory "11"]
[SourceTitle "CBM 191 Extra"]
[Source "ChessBase"]
[SourceDate "2019.09.30"]
[SourceVersion "1"]
[SourceVersionDate "2019.09.30"]
[SourceQuality "1"]

1. e4 c5 2. Nf3 d6 3. d4 cxd4 4. Nxd4 Nf6 5. Nc3 a6 6. Be3 e6 7. f3 b5 8. g4 h6 9. Qd2 Nbd7 10. 0-0-0 b4 11. Na4 d5 12. exd5 Nxd5 13. Bc4 N7f6 14. g5 hxg5 15. Bxg5 Bb7 16. Qe2 Be7 17. Nf5 Qc7 18. Bxf6 Bxf6 19. Bxd5 Bxd5 20. Rxd5 Qf4+ 21. Qd2 Qxf3 22. Re1 0-0 23. Nh6+ Kh7 24. Rd3 Qh5 25. Nxf7 Rxf7 26. Qxb4 Kg8 27. Kb1 Qxh2 28. a3 Rc8 29. Qb3 Rfc7 30. Nb6 Rb8 31. Qxe6+ Kf8 32. c3 Rcb7 33. Rd7 Qxb2+ 34. Kxb2 Rxb6+ 35. Kc2 Rxe6 36. Rxe6 Rc8 37. Rd3 a5 38. Kb3 Rb8+ 39. Ka4 Rc8 40. Kxa5 Bxc3+ 41. Kb5 1-0